Third world development (Record no. 533194)

MARC details
000 -LEADER
fixed length control field 00773nam a2200253Ia 4500
003 - CONTROL NUMBER IDENTIFIER
control field OSt
005 - DATE AND TIME OF LATEST TRANSACTION
control field 20220925195514.0
008 - FIXED-LENGTH DATA ELEMENTS--GENERAL INFORMATION
fixed length control field 220923b |||||||| |||| 00| 0 eng d
020 ## - INTERNATIONAL STANDARD BOOK NUMBER
International Standard Book Number 0882295322
037 ## - SOURCE OF ACQUISITION
Terms of availability General Book
040 ## - CATALOGING SOURCE
Original cataloging agency RTL
Transcribing agency RTL
Language of cataloging eng
041 ## - LANGUAGE CODE
Source of code eng
Language code of text/sound track or separate title eng
100 ## - MAIN ENTRY--PERSONAL NAME
Personal name Stockwell Edward C.
9 (RLIN) 254752
245 #0 - TITLE STATEMENT
Title Third world development
Remainder of title Problems and prospects
260 ## - PUBLICATION, DISTRIBUTION, ETC.
Place of publication, distribution, etc. Chicago
Name of publisher, distributor, etc. Nelson Hall
Date of publication, distribution, etc. 1981
300 ## - PHYSICAL DESCRIPTION
Extent xv,352p. Bib chapterwise
Dimensions cm.
650 ## - SUBJECT ADDED ENTRY--TOPICAL TERM
Topical term or geographic name entry element Economic Development
9 (RLIN) 17300
700 ## - ADDED ENTRY--PERSONAL NAME
Personal name Laidlaw Keven A.
9 (RLIN) 254753
942 ## - ADDED ENTRY ELEMENTS (KOHA)
Classification part X:77.1(X).N7, M1
Koha item type General Books
Source of classification or shelving scheme Colon Classification (CC)

No items available.

Copyright @ Delhi University Library System